| 000 | 01925cam a2200517 i 4500 | ||
|---|---|---|---|
| 001 | 9377 | ||
| 003 | KOSZ 005 | ||
| 005 | 20250730124941.0 | ||
| 008 | 250730s1977 pl a f 001 0 pol | ||
| 015 | _aUWD 1977/6534 | ||
| 035 | _a991017701149705066 | ||
| 035 | _a(PL-WaBN)b14789334-48omnis_nlop | ||
| 035 | _ab14789334 | ||
| 035 | _a(OCoLC)749530195 | ||
| 035 | _azz2004964985 | ||
| 035 | _a(PL)b0000001478933 | ||
| 035 | _a(EXLNZ-48OMNIS_NETWORK)9910137981405606 | ||
| 040 |
_aWA N _cWA N _dKOSZ 005/RW |
||
| 046 | _k1956 | ||
| 080 | _a621.9 | ||
| 080 | _a(083.1) | ||
| 100 | 1 |
_aDobrzański, Tadeusz _eAutor |
|
| 245 | 1 | 0 |
_aUchwyty obróbkowe : _bporadnik konstruktora / _cTadeusz Dobrzański. |
| 250 | _aWydanie 5 przerobione. | ||
| 260 |
_aWarszawa : _bWydawnictwa Naukowo-Techniczne, _c1977. |
||
| 300 |
_a453, [3] strony : _bilustracje, tabele, errata ; _c25 cm. |
||
| 336 |
_aTekst _btxt _2rdacontent |
||
| 337 |
_aBez urządzenia pośredniczącego _bn _2rdamedia |
||
| 338 |
_aWolumin _bnc _2rdacarrier |
||
| 380 | _aKsiążki | ||
| 380 | _aPublikacje fachowe | ||
| 388 | 1 | _a1901-2000 | |
| 388 | 1 | _a1945-1989 | |
| 504 | _aBibliografia na stronach 448-[449]. Indeks. | ||
| 521 | 8 | _aKsiążka jest przeznaczona dla inżynierów i techników - konstruktorów uchwytów i technologów, a poza tym może służyć jako pomoc dla studentów wyższych uczelni technicznych o kierunku mechanicznym-technologicznym. | |
| 650 | 7 |
_aMaszyny i narzędzia skrawające _2DBN |
|
| 650 | 7 |
_aObrabiarka _2DBN |
|
| 650 | 7 |
_aSkrawanie _2DBN |
|
| 650 | 7 |
_aUchwyty obróbkowe _2DBN |
|
| 655 | 7 |
_aPoradnik _2DBN |
|
| 658 | _aInżynieria i technika | ||
| 710 | 2 |
_aWydawnictwa Naukowo-Techniczne _4pbl |
|
| 856 |
_uhttps://koha.tu.koszalin.pl/cgi-bin/koha/opac-detail.pl?biblionumber=9377 _yKatalog online BPK |
||
| 942 |
_2UKD _cKS |
||
| 999 |
_c9377 _d9377 |
||